000 00361nam a2200157Ia 4500
008 151213s9999 xx 000 0 und d
100 _aB. Biswas
245 _aV. S. Naipaul
_cB. Biswas
250 _a1st
260 _aEngland
_bPenguing Book
_c1961
300 _a4221 p.
650 _aAdventure
650 _aReference
700 _aB. Biswas
999 _c2645
_d2645